01341nam a2200241 i 4500001000700000003000900007005001700016008004100033100005600074245033500130260007500465300003000540530003400570597005000604597002500654597003400679651006900713852005100782856011200833942001900945999001900964952011600983154237ES-MaACL20250930063132.0931025s1617 sp |||| | spa d1 aGarcilaso de la Vega, cel Inca, d1539-161695547210aHistoria general del Peru : btrata el descubrimiento del, y como lo ganaron los españoles : las guerras civiles que huuo entre Piçarros y Almagros, sobre la partija de la tierra : castigo y leuantamiero de tiranos, y otros sucessos particulares que en la historia se contienen / cescrita por el ynca Garcilasso de la Vega... aEn Cordoua : bpor la Viuda de Andres Barrera, y à su costa, c1617. a[8], 300, [6] h. ; cfol. aDisponible en formato digital aSign.: [calderón]8, A-Z8, 2A-2O8, 2P4, 2Q6. aTexto a dos columnas aPort. con grab. xilográfico 4aPerú-xHistoria-yDescubrimiento y conquista, 1522-1548.992264 aES-MaACLjR-159 z xHolandesacDEPOdB-11594 uhttp://bdh-rd.bne.es/viewer.vm?id=0000092784&page=1yVersión en líneaz(Biblioteca Digital Hispánica) 2udccMONANTn0 c154237d154237 00104070aATENEOMbATENEOMcDEPOd2008-01-17eSSCl0oR-159p1161283r2023-02-23 00:00:00w2023-02-23yMONANT